000 01018nam a2200337 c 4500
001 21466
003 ES-MaCES
005 20150929135822.0
008 080918s2008 xxu t 000 | eng d
020 _a9789041127679
035 _aCES20080009100m
040 _aES-MaCES
_bspa
_cES-MaCES
100 1 _aBlanpain, Roger
_97877
245 1 0 _aEuropean labour Law
_cRoger Blanpain
250 _a11st ed
260 _aAustin [etc.]
_bKluwer Law International
_c[2008]
300 _a858 p.
_c24 cm
504 _aBibliografía: p. 825-835
541 _cCompra
650 4 _anegociación colectiva
_928362
650 4 _alegislación del trabajo
_927166
650 4 _aderecho del trabajo
_927165
650 4 _aderecho comunitario
_929866
653 1 0 _aDerecho del trabajo y Seguridad Social
650 4 _928369
_arelaciones laborales
650 4 _926752
_aUE
650 4 _930664
_aconcertación social
902 _aLIB Libro
942 _2CES
_cBK
_h6.0.1.
999 _c21466
_d21466